000
00281nam a2200121Ia 4500
008
190216s9999||||xx |||||||||||||| ||und||
100
_a
Ramachandran.R
245
0
_a
Enthinee Yathra?
260
_b
Poorna Pubs Kozhikode
_c
1983
300
_a
51p
650
_a
Kavithkal
942
_c
BK
999
_c
26812
_d
26812